000 00288nam a2200121Ia 4500
008 190216s9999||||xx |||||||||||||| ||und||
100 _aSarda N L
245 0 _aProgramming In Basic
260 _bPitambhar Pubs.Company
_c1984
300 _a284 p
650 _aComputer Science
942 _cBK
999 _c8348
_d8348